Kleuren in Andere Talen Quiz - Statistieken

Algemene statistieken
  • Deze quiz is 4.689 keer genomen
  • De gemiddelde score is 25 van 40
Antwoordstatistieken
Kleur Taal Word % Correct
Zwart Engels Black
99%
Blauw Engels Blue
98%
Groen Engels Green
98%
Oranje Frans Orange
98%
Oranje Duits Orange
98%
Oranje Engels Orange
98%
Rood Engels Red
98%
Wit Engels White
97%
Geel Engels Yellow
97%
Bruin Engels Brown
96%
Grijs Engels Gray
95%
Roze Engels Pink
95%
Wit Frans Blanc
75%
Blauw Frans Bleu
73%
Roze Frans Rose
70%
Blauw Duits Blau
69%
Zwart Frans Noir
68%
Grijs Spaans Gris
64%
Grijs Frans Gris
64%
Groen Frans Vert
64%
Bruin Frans Brun
63%
Rood Frans Rouge
62%
Groen Duits Grün
56%
Rood Duits Rot
56%
Bruin Duits Braun
48%
Geel Frans Jaune
46%
Zwart Duits Schwarz
46%
Wit Duits Weiß
46%
Zwart Spaans Negro
43%
Geel Duits Gelb
42%
Wit Spaans Blanco
37%
Groen Spaans Verde
29%
Roze Spaans Rosa
28%
Roze Duits Rosa
28%
Blauw Spaans Azul
27%
Rood Spaans Rojo
27%
Grijs Duits Grau
26%
Bruin Spaans Marrón
25%
Oranje Spaans Naranja
24%
Geel Spaans Amarillo
19%
Geen overeenkomende quizzen gevonden
Scoreverdeling
Procent van Mensen met Elke Score
Percentiel versus Aantal Correcte Antwoorden
Uw Scoregeschiedenis
U heeft deze quiz nog niet genomen